Espérame, Isabel

Saved in:
Bibliografiske detaljer
Hovedforfatter: Zabala de la Fuente, José (Author)
Format: Bog
Sprog:spansk
Udgivet: Santiago Don Bosco 1997
Udgivelse:2a. ed
Fag:
Tags: Tilføj Tag
Ingen Tags, Vær først til at tagge denne postø!

MARC

LEADER 00000nam a2200000 a 4500
001 UCH8145
003 CL-VaPUC
008 091127e19970000CL |||||||||||||||||spa|d
020 |a 9561802457 
082 0 4 |a Ch863  |b ZAB  |2 21 
100 0 |a Zabala de la Fuente, José  |e author  |9 544595 
245 1 0 |a Espérame, Isabel 
250 |a 2a. ed 
300 |a 161 p 
942 |c BK 
945 |d 20091127 00:00:00  |a lazolas 
260 |a Santiago  |b Don Bosco  |c 1997 
650 0 |a Novelas chilenas   |9 265425 
650 0 |a Cuentos chilenos   |9 308280 
650 0 |a Literatura chilena   |9 308278 
650 0 |a Literatura infantil   |9 307465 
583 |a last modification  |c 20091127 00:00:00  |k Rodrigo Vera 
999 |c 338387  |d 338385